<?xml version="1.0" encoding="UTF-8"?>
<record
    xmlns:xsi="http://www.w3.org/2001/XMLSchema-instance"
    xsi:schemaLocation="http://www.loc.gov/MARC21/slim http://www.loc.gov/standards/marcxml/schema/MARC21slim.xsd"
    xmlns="http://www.loc.gov/MARC21/slim">

  <leader>01231nam a22002417a 4500</leader>
  <controlfield tag="003">NALT</controlfield>
  <controlfield tag="005">20231113133618.0</controlfield>
  <controlfield tag="008">      s2558    th                  tha d</controlfield>
  <datafield tag="020" ind1=" " ind2=" ">
    <subfield code="a">9786169111177</subfield>
  </datafield>
  <datafield tag="040" ind1=" " ind2=" ">
    <subfield code="a">NALT</subfield>
  </datafield>
  <datafield tag="041" ind1=" " ind2=" ">
    <subfield code="a">tha</subfield>
  </datafield>
  <datafield tag="090" ind1=" " ind2=" ">
    <subfield code="a">KP 119.1 </subfield>
    <subfield code="b">&#xE01;358&#xE01; 2558</subfield>
  </datafield>
  <datafield tag="100" ind1="0" ind2=" ">
    <subfield code="a">&#xE01;&#xE2D;&#xE1A;&#xE01;&#xE38;&#xE25; &#xE23;&#xE32;&#xE22;&#xE30;&#xE19;&#xE32;&#xE04;&#xE23;</subfield>
    <subfield code="9">25401</subfield>
  </datafield>
  <datafield tag="245" ind1="1" ind2="0">
    <subfield code="a">&#xE01;&#xE32;&#xE23;&#xE1B;&#xE0F;&#xE34;&#xE23;&#xE39;&#xE1B;&#xE23;&#xE30;&#xE1A;&#xE1A;&#xE2A;&#xE16;&#xE32;&#xE1A;&#xE31;&#xE19;&#xE41;&#xE25;&#xE30;&#xE01;&#xE0E;&#xE2B;&#xE21;&#xE32;&#xE22;&#xE40;&#xE1E;&#xE37;&#xE48;&#xE2D;&#xE41;&#xE01;&#xE49;&#xE44;&#xE02;&#xE1B;&#xE31;&#xE0D;&#xE2B;&#xE32;&#xE02;&#xE22;&#xE30;&#xE1E;&#xE34;&#xE29;&#xE08;&#xE32;&#xE01;&#xE2D;&#xE38;&#xE15;&#xE2A;&#xE32;&#xE2B;&#xE01;&#xE23;&#xE23;&#xE21; /</subfield>
    <subfield code="c">&#xE01;&#xE2D;&#xE1A;&#xE01;&#xE38;&#xE25;  &#xE23;&#xE32;&#xE22;&#xE30;&#xE19;&#xE32;&#xE04;&#xE23;.</subfield>
  </datafield>
  <datafield tag="260" ind1=" " ind2=" ">
    <subfield code="a">&#xE01;&#xE23;&#xE38;&#xE07;&#xE40;&#xE17;&#xE1E;&#xE2F; : </subfield>
    <subfield code="b">&#xE21;&#xE39;&#xE25;&#xE19;&#xE34;&#xE18;&#xE34;&#xE2A;&#xE32;&#xE18;&#xE32;&#xE23;&#xE13;&#xE2A;&#xE38;&#xE02;&#xE41;&#xE2B;&#xE48;&#xE07;&#xE0A;&#xE32;&#xE15;&#xE34;, </subfield>
    <subfield code="c">2558.</subfield>
  </datafield>
  <datafield tag="300" ind1=" " ind2=" ">
    <subfield code="a">360 &#xE2B;&#xE19;&#xE49;&#xE32; :</subfield>
    <subfield code="b">&#xE41;&#xE1C;&#xE48;&#xE19;&#xE20;&#xE32;&#xE1E;, &#xE15;&#xE32;&#xE23;&#xE32;&#xE07; ;</subfield>
    <subfield code="c">21 &#xE0B;&#xE21;.</subfield>
  </datafield>
  <datafield tag="650" ind1=" " ind2="4">
    <subfield code="a">&#xE02;&#xE22;&#xE30;</subfield>
    <subfield code="9">15789</subfield>
  </datafield>
  <datafield tag="650" ind1=" " ind2="4">
    <subfield code="a">&#xE27;&#xE31;&#xE15;&#xE16;&#xE38;&#xE2D;&#xE31;&#xE19;&#xE15;&#xE23;&#xE32;&#xE22;</subfield>
    <subfield code="9">25402</subfield>
  </datafield>
  <datafield tag="650" ind1=" " ind2="4">
    <subfield code="a">&#xE02;&#xE2D;&#xE07;&#xE40;&#xE2A;&#xE35;&#xE22;&#xE2D;&#xE31;&#xE19;&#xE15;&#xE23;&#xE32;&#xE22; </subfield>
    <subfield code="9">25403</subfield>
    <subfield code="x">&#xE01;&#xE32;&#xE23;&#xE08;&#xE31;&#xE14;&#xE01;&#xE32;&#xE23; </subfield>
    <subfield code="x">&#xE41;&#xE07;&#xE48;&#xE01;&#xE0E;&#xE2B;&#xE21;&#xE32;&#xE22; </subfield>
    <subfield code="x">&#xE27;&#xE34;&#xE08;&#xE31;&#xE22;</subfield>
  </datafield>
  <datafield tag="850" ind1=" " ind2=" ">
    <subfield code="a">NALT</subfield>
  </datafield>
  <datafield tag="942" ind1=" " ind2=" ">
    <subfield code="c">RSH</subfield>
    <subfield code="2">lcc</subfield>
  </datafield>
  <datafield tag="998" ind1=" " ind2=" ">
    <subfield code="b">&#xE0A;&#xE27;&#xE19;&#xE1E;&#xE34;&#xE0A;&#xE0D;&#xE4C;  &#xE23;&#xE31;&#xE15;&#xE19;&#xE32;&#xE44;&#xE1E;&#xE1A;&#xE39;&#xE25;&#xE22;&#xE4C;</subfield>
    <subfield code="b">phon</subfield>
    <subfield code="j">909</subfield>
    <subfield code="k"> &#xE19;&#xE32;&#xE07;&#xE2A;&#xE32;&#xE27;&#xE2A;&#xE38;&#xE1E;&#xE31;&#xE13;&#xE14;&#xE32;  &#xE2A;&#xE38;&#xE20;&#xE32;&#xE1E;</subfield>
  </datafield>
  <datafield tag="999" ind1=" " ind2=" ">
    <subfield code="c">76209</subfield>
    <subfield code="d">76209</subfield>
  </datafield>
  <datafield tag="952" ind1=" " ind2=" ">
    <subfield code="0">0</subfield>
    <subfield code="1">0</subfield>
    <subfield code="2">local</subfield>
    <subfield code="4">0</subfield>
    <subfield code="7">0</subfield>
    <subfield code="8">CRSH</subfield>
    <subfield code="a">NALT</subfield>
    <subfield code="b">NALT</subfield>
    <subfield code="c">RSH</subfield>
    <subfield code="d">2022-06-10</subfield>
    <subfield code="e">&#xE1A;&#xE23;&#xE34;&#xE08;&#xE32;&#xE04;</subfield>
    <subfield code="l">1</subfield>
    <subfield code="m">1</subfield>
    <subfield code="o">&#xE27; KP 119.1 &#xE01;358&#xE01; 2558</subfield>
    <subfield code="p">3961202740</subfield>
    <subfield code="r">2023-11-27 00:00:00</subfield>
    <subfield code="s">2023-11-13</subfield>
    <subfield code="w">2017-06-09</subfield>
    <subfield code="y">RSH</subfield>
  </datafield>
  <datafield tag="952" ind1=" " ind2=" ">
    <subfield code="0">0</subfield>
    <subfield code="1">0</subfield>
    <subfield code="2">local</subfield>
    <subfield code="4">0</subfield>
    <subfield code="7">0</subfield>
    <subfield code="8">CSEN</subfield>
    <subfield code="a">NALT</subfield>
    <subfield code="b">NALT</subfield>
    <subfield code="c">RSH</subfield>
    <subfield code="d">2023-03-05</subfield>
    <subfield code="o">&#xE27; KP 119.1 &#xE01;358&#xE01; 2558</subfield>
    <subfield code="p">0100007920001</subfield>
    <subfield code="r">2023-04-28 00:00:00</subfield>
    <subfield code="w">2023-03-05</subfield>
    <subfield code="y">RSH</subfield>
  </datafield>
</record>
